000 00756nam a2200229Ii 4500
003 JO-AjNU
008 230605s9999||||xx |||||||||||||| ||und||
017 _a2010/7/2445
020 _a179-9957-07-893-5
040 _aJO-AjNU
_bara
_erda
_cJO-AjNU
041 _aara
050 1 4 _aDS63.2.E8.M35 2011
100 3 _aماجد، عبد المنعم محمد,
_eauthor
_942357
245 0 0 _aالعلاقات بين الشرق والغرب في العصور الوسطى
250 _aط1
264 3 1 _aعمان: دار الفكر، 2010
300 _a216ص
336 _atext
_btxt
_2rdacontent
337 _aunmediated
_bn
_2rdamedia
338 _avolume
_bnc
_2rdacarrier
650 4 _aالعلاقات الدولية - العصور الوسطى
_942358
999 _aA18131
_c21699
_d21699